| 000 | 00518nam a2200181Ia 4500 | ||
|---|---|---|---|
| 008 | 191130s2006##################000#0#eng## | ||
| 020 | _a9788130702827 | ||
| 040 |
_aACL _cACL |
||
| 082 | _a615.26630954 MOO | ||
| 100 | _aMookerji, Bhudeb | ||
| 245 |
_aRasa-Jala Nidhi ocean of Indian chemistry and alchemy _cBhudeb Mookerji |
||
| 260 |
_aNew Delhi _bCosmo Publications _c2006 |
||
| 300 | _a321p. : hpk | ||
| 650 | _aMedicine | ||
| 990 | _ad81a32ecac10000c35264c9536797e46 | ||
| 991 | _a239756 | ||
| 999 |
_c391132 _d391132 |
||